000 00454nam a2200181Ia 4500
005 20250603145256.0
008 250603s9999 xx 000 0 und d
020 _a9789350564257
050 _aZ 678.9.A4 .S56/
100 _aSingh, Pankaj Kumar
245 0 _aLibrary and Information technology
260 _aNew Delhi
260 _bDiscovery Publishing House Pvt. Ltd.
260 _c2017
300 _a296 p
650 _aNew Delhi
942 _cBK
999 _c41383
_d41383